Quiz do Burkina Faso - Statistics

Estatísticas Gerais
  • Esse quiz foi jogado 863 vezes
  • A pontuação média é 8 de 16
Estatísticas das Respostas
Dica Resposta % Correto
Países fazendo fronteira com o Burkina Faso Níger
87%
País europeu que colonizou o Burkina Faso, 1896–1960 França
86%
Países fazendo fronteira com o Burkina Faso Togo
82%
Países fazendo fronteira com o Burkina Faso Mali
81%
Países fazendo fronteira com o Burkina Faso Gana
80%
Países fazendo fronteira com o Burkina Faso Costa do Marfim
77%
Países fazendo fronteira com o Burkina Faso Benim
76%
Metal que corresponde por 47% das exportações Ouro
62%
Capital Ouagadougou
54%
Estatística educacional que aumentou de 9% para 41% nos últimos 40 anos Alfabetização
36%
Antigo nome do Burkina Faso Alto {Volta}
30%
Região semi-árida ao sul do Saara, onde fica o norte de Burkina Faso Sahel
28%
Fibra que corresponde por 31% das exportações Algodão
23%
Revolucionário conhecido como o Che Guevara africano {Thomas} Sankara
23%
Segunda maior cidade Bobo Diulasso
13%
Língua nativa mais falada More
11%
Nenhum quiz correspondente encontrado
Distribuição das Pontuações
Porcentagem de Pessoas com Cada Pontuação
Percentil de Números Respondidos
Sua Pontuação Histórica
Você não jogou esse quiz